[Event "12ème Open de Saint-Affrique"]
[Site "Saint-Affrique"]
[Date "2004.07.24"]
[Round "1.3"]
[White "Metzger, Clement"]
[Black "Meijers, Viesturs"]
[Result "0-1"]
[WhiteElo "2159"]
[BlackElo "2477"]
[PlyCount "64"]
[EventDate "2004.07.??"]

1. c4 e6 2. e3 Nf6 3. Nf3 Be7 4. b3 b6 5. Bb2 O-O 6. Be2 Bb7 7. d3 d5 8. Nbd2
c5 9. Nf1 Nc6 10. Ng3 Qc7 11. O-O Rfd8 12. Qd2 e5 13. cxd5 Nxd5 14. Rac1 Rd7
15. Ba1 Rad8 16. a3 g6 17. h4 Bf6 18. h5 Bg7 19. Qc2 Qd6 20. Rfd1 Qe7 21. hxg6
hxg6 22. d4 exd4 23. exd4 cxd4 24. Nxd4 Bxd4 25. Bxd4 {#} 25... Ndb4 26. Bf6
Qxf6 27. axb4 Nd4 28. Qa2 Qe6 29. Re1 Qxb3 30. Qxa7 Bxg2 31. Rc7 Qd5 32. Qxb6
Bh3 0-1

[Event "12ème Open de Saint-Affrique"]
[Site "Saint-Affrique"]
[Date "2004.07.24"]
[Round "1.5"]
[White "Jean, Robert"]
[Black "Flear, Glenn C"]
[Result "0-1"]
[WhiteElo "2146"]
[BlackElo "2455"]
[PlyCount "48"]
[EventDate "2004.07.??"]

1. c4 e6 2. e4 b6 3. d4 Bb7 4. Nc3 Bb4 5. f3 f5 6. exf5 Nh6 7. Be3 Nxf5 8. Bf2
O-O 9. Bd3 Qg5 10. Bf1 Ne3 11. Bxe3 Qxe3+ 12. Nge2 Rxf3 13. gxf3 Bxf3 14. Qd2
Qxd2+ 15. Kxd2 Bxh1 16. Bh3 Bb7 17. Nf4 Na6 18. Nd3 Bxc3+ 19. Kxc3 Rf8 20. Bg4
c5 21. h3 Bf3 22. Rf1 Bxg4 23. Rxf8+ Kxf8 24. hxg4 d6 0-1

[Event "12ème Open de Saint-Affrique"]
[Site "Saint-Affrique"]
[Date "2004.07.24"]
[Round "1.24"]
[White "Manouck, Thierry"]
[Black "Rosenfeld, Imre"]
[Result "0-1"]
[WhiteElo "2289"]
[BlackElo "2069"]
[PlyCount "56"]
[EventDate "2004.07.??"]

1. c4 e5 2. g3 Nc6 3. Bg2 Nf6 4. Nf3 Bc5 5. Nc3 O-O 6. O-O d6 7. d3 Rb8 8. a3
a5 9. Bg5 h6 10. Bxf6 Qxf6 11. Nd2 Qd8 12. Nb3 Bd4 13. Na4 Bd7 14. e3 Ba7 15.
Nc3 Bb6 16. d4 exd4 17. exd4 Ne7 18. c5 dxc5 19. dxc5 Ba7 20. Nxa5 c6 21. b4
Qc7 22. Ne4 Be6 23. Qd6 Rbc8 24. Rfd1 b6 25. Qxc7 Rxc7 26. cxb6 Bxb6 27. Nc5
Bxc5 28. bxc5 Ra8 0-1

[Event "12ème Open de Saint-Affrique"]
[Site "Saint-Affrique"]
[Date "2004.07.24"]
[Round "1.100"]
[White "Gobeaut, Benjamin"]
[Black "Cazottes, Guillaume"]
[Result "0-1"]
[WhiteElo "1560"]
[BlackElo "1320"]
[PlyCount "64"]
[EventDate "2004.07.??"]

1. d4 Nf6 2. Nf3 e6 3. Bg5 d5 4. Nbd2 Bd6 5. e3 Nbd7 6. Bd3 h6 7. Bh4 O-O 8.
O-O c5 9. c3 Qc7 10. Re1 Re8 11. Rc1 c4 12. Be2 b6 13. b3 b5 14. a4 a6 15. Ra1
Bb7 16. Qc2 Rec8 17. bxc4 bxc4 18. Reb1 Rcb8 19. Bg3 Bxg3 20. hxg3 Qa5 21. Rb4
Bc6 22. Rab1 Rb6 23. Bd1 Rab8 24. R1b2 Rxb4 25. cxb4 Rxb4 26. Rxb4 Qxb4 27. Nb1
Ne4 28. Nfd2 Nxd2 29. Nxd2 Nf6 30. Nb1 Bxa4 31. Qe2 Qxb1 32. Kh2 Qxd1 0-1

[Event "12ème Open de Saint-Affrique"]
[Site "Saint-Affrique"]
[Date "2004.07.25"]
[Round "2.2"]
[White "Pucher, Olivier"]
[Black "Degraeve, Jean-Marc"]
[Result "0-1"]
[WhiteElo "2294"]
[BlackElo "2530"]
[PlyCount "38"]
[EventDate "2004.07.??"]

1. d4 c5 2. d5 g6 3. e4 Bg7 4. Nf3 d6 5. h3 Nf6 6. Nc3 O-O 7. a4 Na6 8. Nd2 e6
9. Nc4 exd5 10. exd5 Nb4 11. Be2 Re8 12. O-O Bf5 13. Ne3 {#} 13... Rxe3 14.
Bxe3 Nxc2 15. Rc1 Nxe3 16. fxe3 Qe7 17. Rf3 Ne4 18. g4 Nxc3 19. bxc3 Be4 0-1

[Event "12ème Open de Saint-Affrique"]
[Site "Saint-Affrique"]
[Date "2004.07.25"]
[Round "2.3"]
[White "Meijers, Viesturs"]
[Black "Leygue, Dominique"]
[Result "1-0"]
[WhiteElo "2477"]
[BlackElo "2260"]
[PlyCount "56"]
[EventDate "2004.07.??"]

1. e4 e5 2. Nf3 Nc6 3. Bb5 f5 4. d3 fxe4 5. dxe4 Nf6 6. O-O Bc5 7. Bxc6 bxc6 8.
Nxe5 O-O 9. Bg5 Qe8 10. Bxf6 Rxf6 11. Nd3 Bb6 12. Nd2 d6 13. Kh1 Rh6 14. f4 Qg6
15. f5 Qg3 16. Nf3 Qg4 17. Qd2 Ba6 18. Rae1 Re8 19. h3 Qg3 20. a4 c5 21. a5 c4
22. axb6 cxd3 23. bxa7 Ra8 24. cxd3 Rxa7 25. Ra1 d5 26. Qa5 dxe4 27. Qd5+ Kf8
28. Qd8+ Kf7 1-0

[Event "12ème Open de Saint-Affrique"]
[Site "Saint-Affrique"]
[Date "2004.07.25"]
[Round "2.4"]
[White "Flear, Glenn C"]
[Black "Guedon, Stephane"]
[Result "0-1"]
[WhiteElo "2455"]
[BlackElo "2249"]
[PlyCount "106"]
[EventDate "2004.07.??"]

1. d4 Nf6 2. c4 e6 3. Nc3 Bb4 4. Qc2 d5 5. cxd5 Qxd5 6. Nf3 Qf5 7. Qxf5 exf5 8.
a3 Bd6 9. Nb5 Be6 10. Nxd6+ cxd6 11. Bf4 Ke7 12. e3 Nbd7 13. Bd3 Nb6 14. Ng5
Rac8 15. Nxe6 fxe6 16. h3 Rhg8 17. Ke2 g5 18. Bh2 h5 19. Rac1 a6 20. Rxc8 Rxc8
21. f3 Nbd7 22. Rf1 h4 23. Bg1 Nd5 24. Bf2 f4 25. exf4 Nxf4+ 26. Kd2 Nf6 27.
Rg1 N6d5 28. Be4 Nf6 29. Be3 d5 30. Bxf4 gxf4 31. Bd3 Rg8 32. Ke2 Nd7 33. Kf2
Nb8 34. Rd1 Kd6 35. Bb1 Rc8 36. Bd3 Nc6 37. Bb1 Na5 38. Ke2 Nb3 39. Ke1 b5 40.
Ba2 Na5 41. Kd2 Nc6 42. Kd3 Rg8 43. Rd2 Ne7 44. Kc3 Rc8+ 45. Kb4 Nc6+ 46. Kb3
a5 47. Bb1 Rb8 48. Ba2 Rb7 49. Rd1 Rc7 50. Bb1 b4 51. axb4 Rb7 52. Ba2 Nxb4 53.
Bb1 Nd3+ 0-1

[Event "12ème Open de Saint-Affrique"]
[Site "Saint-Affrique"]
[Date "2004.07.25"]
[Round "2.5"]
[White "Saada, Julien"]
[Black "Popchev, Milko"]
[Result "1/2-1/2"]
[WhiteElo "2270"]
[BlackElo "2449"]
[PlyCount "65"]
[EventDate "2004.07.??"]

1. d4 g6 2. g3 Bg7 3. Bg2 d6 4. e4 Nf6 5. Ne2 O-O 6. O-O e5 7. Nbc3 Nc6 8. h3
exd4 9. Nxd4 Nxe4 10. Nxc6 Nxc3 11. Nxd8 Nxd1 12. Nxb7 Bxb7 13. Rxd1 Rab8 14.
Bxb7 Rxb7 15. Rb1 Re8 16. Kf1 f5 17. b3 Kf7 18. Re1 Rxe1+ 19. Kxe1 d5 20. Bb2
Bf8 21. Be5 Ke6 22. f4 c6 23. c3 Bd6 24. Kd2 Bc5 25. Bd4 Bd6 26. Be5 Be7 27.
Re1 Kf7 28. Kd3 Bc5 29. Bd4 Bf8 30. b4 a6 31. a3 Bd6 32. Be5 Bf8 33. Bd4
1/2-1/2

[Event "12ème Open de Saint-Affrique"]
[Site "Saint-Affrique"]
[Date "2004.07.25"]
[Round "2.6"]
[White "Gaponenko, Inna"]
[Black "Carmeille, Ludovic"]
[Result "0-1"]
[WhiteElo "2448"]
[BlackElo "2232"]
[PlyCount "82"]
[EventDate "2004.07.??"]

1. e4 c5 2. Nf3 d6 3. d4 cxd4 4. Nxd4 Nf6 5. Nc3 a6 6. Be2 e5 7. Nb3 Be7 8. Bg5
Be6 9. Bxf6 Bxf6 10. O-O O-O 11. Qd3 Nc6 12. Nd5 Bg5 13. Rfd1 Ne7 14. Ne3 Bxe3
15. Qxe3 Qc7 16. c3 f5 17. f3 Rf6 18. Rd2 Raf8 19. Rad1 fxe4 20. fxe4 Bc4 21.
Bxc4+ Qxc4 22. Qe2 Qc6 23. Qe3 Ng6 24. Nc1 Nf4 25. Ne2 Nxe2+ 26. Rxe2 Rf4 27.
h3 h6 28. Rd5 R8f6 29. b3 Qe8 30. Qg3 Qf7 31. Red2 Rxe4 32. Rxd6 Rf1+ 33. Kh2
Ree1 34. Rd8+ Kh7 35. Qd3+ e4 36. Qd6 Rh1+ 37. Kg3 Re3+ 38. Kg4 Rf1 39. Rd5 Re2
40. Rd2 Qf5+ 41. Kg3 Qg5+ 0-1

[Event "12ème Open de Saint-Affrique"]
[Site "Saint-Affrique"]
[Date "2004.07.25"]
[Round "2.18"]
[White "Petrossian, Armen"]
[Black "Bollengier, Thierry"]
[Result "1-0"]
[WhiteElo "2320"]
[BlackElo "2173"]
[PlyCount "47"]
[EventDate "2004.07.??"]

1. e4 c6 2. c4 d5 3. cxd5 cxd5 4. exd5 Nf6 5. Nc3 Nxd5 6. Nf3 e6 7. Bc4 Nf6 8.
O-O Nbd7 9. d4 Be7 10. Re1 O-O 11. Bg5 Nb6 12. Bb3 Bd7 13. Ne5 Kh8 14. Qd3 h6
15. Bd2 Bc6 16. Re3 Nbd5 17. Rh3 Nxc3 18. Nxc6 bxc6 19. bxc3 e5 20. Qf5 Ng8 {#}
21. Bxh6 Nxh6 22. Rxh6+ gxh6 23. Bc2 Kg7 24. Qh7+ 1-0

[Event "12ème Open de Saint-Affrique"]
[Site "Saint-Affrique"]
[Date "2004.07.25"]
[Round "2.20"]
[White "Chomet, Pascal"]
[Black "Laurain, Dominique"]
[Result "0-1"]
[WhiteElo "2370"]
[BlackElo "2065"]
[PlyCount "68"]
[EventDate "2004.07.??"]

1. e4 e6 2. d3 d5 3. Nd2 Nf6 4. Ngf3 b6 5. c3 Bb7 6. e5 Nfd7 7. d4 a5 8. a4 Be7
9. Bd3 Ba6 10. Bxa6 Nxa6 11. O-O c5 12. Qe2 Qc7 13. Re1 Nab8 14. c4 Nf8 15. b3
Nc6 16. Bb2 Ng6 17. g3 O-O 18. cxd5 exd5 19. h4 Rfe8 20. h5 Nf8 21. Nf1 cxd4
22. Nxd4 Nxd4 23. Bxd4 Ne6 24. Bb2 Rac8 25. Red1 d4 26. Nh2 Bc5 27. h6 Ng5 28.
Qg4 Qxe5 29. Rd3 Qd5 30. f4 Re2 31. Nf3 Nxf3+ 32. Rxf3 d3+ 33. Kf1 g6 34. Bf6 {
#} 34... Rf2+ 0-1

[Event "12ème Open de Saint-Affrique"]
[Site "Saint-Affrique"]
[Date "2004.07.26"]
[Round "3.1"]
[White "Voiska, Margarita"]
[Black "Nevednichy, Vladislav"]
[Result "1/2-1/2"]
[WhiteElo "2387"]
[BlackElo "2538"]
[PlyCount "31"]
[EventDate "2004.07.??"]

1. g3 d5 2. Bg2 Nf6 3. c4 d4 4. Nf3 c5 5. e3 dxe3 6. dxe3 Qxd1+ 7. Kxd1 Nc6 8.
Nc3 Bf5 9. Ke2 O-O-O 10. Rd1 Rxd1 11. Nxd1 h6 12. b3 g5 13. Bb2 Bg7 14. Ne5
Nxe5 15. Bxe5 Rd8 16. Nc3 1/2-1/2

[Event "12ème Open de Saint-Affrique"]
[Site "Saint-Affrique"]
[Date "2004.07.26"]
[Round "3.3"]
[White "Adrian, Claude"]
[Black "Meijers, Viesturs"]
[Result "0-1"]
[WhiteElo "2321"]
[BlackElo "2477"]
[PlyCount "98"]
[EventDate "2004.07.??"]

1. Nf3 Nf6 2. c4 e6 3. g3 d5 4. d4 dxc4 5. Bg2 Nbd7 6. O-O Rb8 7. a4 a6 8. Nc3
Bb4 9. Qc2 b5 10. axb5 axb5 11. Ne5 Nxe5 12. dxe5 Nd7 13. Bc6 O-O 14. Rd1 Qe7
15. Bf4 Rb6 16. Be4 h6 17. Ra7 Rb8 18. Rxc7 Ba5 19. Ra7 Bb6 20. Raa1 g5 21. Bc6
gxf4 22. Bxd7 Qc5 23. Ne4 Qxe5 24. Bxc8 Rfxc8 25. gxf4 Qxf4 26. Ra3 f5 27. Rg3+
Kh8 28. Qc3+ e5 29. Rd6 Rb7 30. Rxh6+ Qxh6 31. Qxe5+ Rg7 32. Nd6 Bxf2+ 33. Kxf2
Qxh2+ 34. Kf3 Qxg3+ 35. Qxg3 Rxg3+ 36. Kxg3 b4 37. Nxc8 c3 38. bxc3 bxc3 39.
Nd6 c2 40. Nxf5 c1=Q 41. e4 Kh7 42. Kf3 Kg6 43. Ne3 Kg5 44. Nd5 Qa3+ 45. Ke2
Kg4 46. Kd2 Kf3 47. Nc3 Qd6+ 48. Kc2 Ke3 49. Kb3 Kd3 0-1

[Event "12ème Open de Saint-Affrique"]
[Site "Saint-Affrique"]
[Date "2004.07.26"]
[Round "3.5"]
[White "Mrdja, Milan"]
[Black "Mullon, Jean-Baptiste"]
[Result "1-0"]
[WhiteElo "2432"]
[BlackElo "2327"]
[PlyCount "105"]
[EventDate "2004.07.??"]

1. e4 e6 2. d4 d5 3. Nd2 Nf6 4. e5 Nfd7 5. c3 c5 6. Bd3 Nc6 7. Ne2 cxd4 8. cxd4
f6 9. exf6 Nxf6 10. Nf3 Bd6 11. O-O Qc7 12. Bg5 O-O 13. Bh4 Nh5 14. Qc2 h6 15.
Bh7+ Kh8 16. Bg6 Nf4 17. Nxf4 Bxf4 18. Bg3 Qd6 19. Rfe1 Bd7 20. Rad1 Rac8 21.
Qd3 Be8 22. Nh4 Ne7 23. Bxe8 Rcxe8 24. Qe2 g5 25. Nf3 Nc6 26. Qd3 Qe7 27. h4 g4
28. Ne5 Nxe5 29. Rxe5 Qf7 30. Re2 Bxg3 31. Qxg3 Qf4 32. Kh2 Kg7 33. Qxf4 Rxf4
34. Kg3 Ref8 35. Rdd2 R8f6 36. Rxe6 Rxf2 37. Re7+ Rf7 38. Rxf7+ Rxf7 39. Kxg4
Re7 40. Kf5 Re4 41. h5 b5 42. b4 a6 43. g4 Kf7 44. Rd3 Kg7 45. a3 Kf7 46. Rc3
Rxd4 47. Rc7+ Kg8 48. Rc6 a5 49. bxa5 Ra4 50. a6 Kf8 51. g5 d4 52. gxh6 d3 53.
Rc8+ 1-0

[Event "12ème Open de Saint-Affrique"]
[Site "Saint-Affrique"]
[Date "2004.07.26"]
[Round "3.10"]
[White "Bricard, Emmanuel"]
[Black "Tardif, Sebastien"]
[Result "1/2-1/2"]
[WhiteElo "2460"]
[BlackElo "1915"]
[PlyCount "63"]
[EventDate "2004.07.??"]

1. e4 c5 2. Nf3 d6 3. d4 cxd4 4. Nxd4 Nf6 5. Nc3 a6 6. Be3 Ng4 7. Bc1 Nf6 8.
Rg1 Nc6 9. g4 Nxd4 10. Qxd4 e5 11. Qd1 h6 12. h4 g6 13. g5 Nh5 14. Qf3 hxg5 15.
hxg5 Be6 16. Be3 Rc8 17. O-O-O Rxc3 18. bxc3 Qa5 19. Bh3 Qxc3 20. Bxe6 fxe6 21.
Qg4 Kf7 22. Rd3 Qa1+ 23. Kd2 Qxa2 24. Rb3 Qa5+ 25. Ke2 b5 26. Rgb1 Be7 27. Bd2
Qc7 28. Rf3+ Nf4+ 29. Bxf4 Qc4+ 30. Kd2 Qd4+ 31. Ke2 Qc4+ 32. Kd2 1/2-1/2

[Event "12ème Open de Saint-Affrique"]
[Site "Saint-Affrique"]
[Date "2004.07.26"]
[Round "3.15"]
[White "Deneufeglise, Pierre-Emmanuel"]
[Black "Van Elst, Andreas"]
[Result "1-0"]
[WhiteElo "1914"]
[BlackElo "2257"]
[PlyCount "75"]
[EventDate "2004.07.??"]

1. d4 Nf6 2. c4 g6 3. Nc3 Bg7 4. Nf3 O-O 5. e4 d6 6. Be2 Nbd7 7. O-O e5 8. d5
Nc5 9. Qc2 a5 10. Ne1 Nfd7 11. Be3 f5 12. f3 f4 13. Bf2 h5 14. b3 g5 15. Rb1
Rf6 16. a3 Rg6 17. b4 Na6 18. g3 g4 19. Ng2 gxf3 20. Bxf3 Qg5 21. Kh1 fxg3 22.
Bxg3 Nf6 23. Nh4 Rh6 24. Rg1 Bh3 25. Bf2 Ng4 26. Nf5 Rh7 27. Bh4 Qf4 28. Rg3
Ne3 {#} 29. Ne7+ Kf7 30. Qf2 Ng4 31. Qe2 Bf6 32. Rxh3 Bxh4 33. Rxh4 Kxe7 34.
Bxg4 Rg7 35. Rf1 Qg5 36. Rxh5 Qxg4 37. Qxg4 Rxg4 38. Rh7+ 1-0

[Event "12ème Open de Saint-Affrique"]
[Site "Saint-Affrique"]
[Date "2004.07.26"]
[Round "3.21"]
[White "Roux, Philippe"]
[Black "Milliet, Sophie"]
[Result "0-1"]
[WhiteElo "2080"]
[BlackElo "2280"]
[PlyCount "60"]
[EventDate "2004.07.??"]

1. e4 d6 2. d4 Nf6 3. Nc3 Nbd7 4. f4 e5 5. Nf3 exd4 6. Qxd4 c6 7. Bc4 d5 8.
exd5 Bc5 9. Qd3 Qe7+ 10. Qe2 Nb6 11. Qxe7+ Bxe7 12. Bd3 cxd5 13. Bd2 O-O 14.
Ne5 Nfd7 15. Nxd7 Bxd7 16. O-O-O Rac8 17. Nb5 a6 18. Nd4 Bf6 19. Be3 Na4 20. c3
b5 21. Kb1 Rb8 22. f5 Rfc8 23. g4 b4 24. g5 Be5 25. Nf3 Bd6 26. cxb4 Bxb4 27.
Bd4 Bc3 28. Ka1 Nxb2 29. Bxc3 Nxd1 30. Be5 Rc1+ 0-1

[Event "12ème Open de Saint-Affrique"]
[Site "Saint-Affrique"]
[Date "2004.07.26"]
[Round "4.3"]
[White "Petrossian, Armen"]
[Black "Mrdja, Milan"]
[Result "0-1"]
[WhiteElo "2320"]
[BlackElo "2432"]
[PlyCount "74"]
[EventDate "2004.07.??"]

1. e4 g6 2. d4 Bg7 3. Nc3 d6 4. Nf3 a6 5. Be3 b5 6. Bd3 Bb7 7. a4 b4 8. Ne2 Nf6
9. Ng3 Nbd7 10. h3 O-O 11. Qd2 c5 12. Bh6 a5 13. h4 e6 14. h5 Qe7 15. Bxg7 Kxg7
16. hxg6 fxg6 17. Qh6+ Kg8 18. e5 dxe5 19. dxe5 Ng4 20. Qg5 Qxg5 21. Nxg5 h6
22. Nxe6 Rfe8 23. Nc7 Rxe5+ 24. Kd2 Rc8 25. Nb5 Bxg2 26. Rhg1 Bf3 27. Bxg6 Rd8
28. Bf5 Ndf6+ 29. Kc1 Kf7 30. b3 h5 31. Bd3 h4 32. Nf1 Nxf2 33. Bc4+ Kf8 34.
Nh2 Be2 35. Kb2 Bxc4 36. bxc4 Re2 37. Raf1 Rdd2 {temps} 0-1

[Event "12ème Open de Saint-Affrique"]
[Site "Saint-Affrique"]
[Date "2004.07.26"]
[Round "4.4"]
[White "Nevednichy, Vladislav"]
[Black "Deneufeglise, Pierre-Emmanuel"]
[Result "1-0"]
[WhiteElo "2538"]
[BlackElo "1914"]
[PlyCount "33"]
[EventDate "2004.07.??"]

1. e4 c5 2. Nf3 e6 3. d4 cxd4 4. Nxd4 a6 5. Nc3 Qc7 6. Be2 b5 7. O-O Bb7 8. Re1
Nf6 9. Bf3 d6 10. Bf4 b4 11. e5 bxc3 12. exf6 Qd7 13. fxg7 Bxg7 14. Nf5 Bf8 15.
Bxb7 Qxb7 16. Qh5 cxb2 17. Rad1 1-0

[Event "12ème Open de Saint-Affrique"]
[Site "Saint-Affrique"]
[Date "2004.07.26"]
[Round "4.5"]
[White "Cousigne, Frederic"]
[Black "Popchev, Milko"]
[Result "1/2-1/2"]
[WhiteElo "2230"]
[BlackElo "2449"]
[PlyCount "90"]
[EventDate "2004.07.??"]

1. d4 g6 2. c4 Bg7 3. Nc3 d6 4. e4 Nd7 5. Nf3 e5 6. Be2 Ne7 7. O-O O-O 8. Be3
exd4 9. Nxd4 Nc6 10. Nc2 Nc5 11. f3 f5 12. exf5 Bxf5 13. Qd2 Re8 14. Bf2 Bxc2
15. Qxc2 Nd4 16. Qd2 Nce6 17. Bd3 Qf6 18. Ne4 Qf8 19. Rfe1 Be5 20. Bf1 Qg7 21.
Rad1 Rf8 22. Kh1 Rae8 23. Bg1 c5 24. Nc3 Rf5 25. Nd5 Ref8 26. Bd3 Rh5 27. Be4
Kh8 28. h3 Nf4 29. Nxf4 Rxf4 30. Bh2 g5 31. Bd5 b6 32. Bxf4 gxf4 33. b4 Nf5 34.
bxc5 bxc5 35. Rb1 Qh6 36. Rb8+ Kg7 37. Reb1 Rxh3+ 38. gxh3 Qxh3+ 39. Kg1 Bd4+
40. Qxd4+ cxd4 41. Rg8+ Kf6 42. Rf8+ Kg7 43. Rg8+ Kf6 44. Rf8+ Kg5 45. Rg8+ Kf6
1/2-1/2

[Event "12ème Open de Saint-Affrique"]
[Site "Saint-Affrique"]
[Date "2004.07.27"]
[Round "4.12"]
[White "Flear, Glenn C"]
[Black "Bazart, David"]
[Result "1-0"]
[WhiteElo "2455"]
[BlackElo "2193"]
[PlyCount "47"]
[EventDate "2004.07.??"]

1. d4 Nf6 2. c4 d6 3. Nc3 Nbd7 4. Nf3 e5 5. Bg5 Be7 6. e3 c6 7. Qc2 a6 8. O-O-O
Qa5 9. Bd3 h6 10. Bh4 b5 11. c5 exd4 12. Nxd4 b4 13. Na4 Nxc5 14. Nxc5 Qxc5 15.
Nxc6 Be6 16. Nxb4 Qxc2+ 17. Bxc2 a5 18. Nc6 Bxa2 19. b3 g5 20. Bg3 Ra6 21. Nxe7
Kxe7 22. Kb2 Rc6 23. Rd2 Rhc8 24. Bf5 1-0

[Event "12ème Open de Saint-Affrique"]
[Site "Saint-Affrique"]
[Date "2004.07.27"]
[Round "4.15"]
[White "Mullon, Jean-Baptiste"]
[Black "Bissieres, Mathieu"]
[Result "0-1"]
[WhiteElo "2327"]
[BlackElo "2171"]
[PlyCount "32"]
[EventDate "2004.07.??"]

1. e4 c5 2. Nf3 d6 3. d4 Nf6 4. Nc3 cxd4 5. Nxd4 a6 6. Be2 e6 7. O-O Be7 8. Kh1
Qc7 9. f4 b5 10. e5 dxe5 11. fxe5 Nfd7 12. Bxb5 axb5 13. Qf3 O-O 14. Qxa8 Bb7
15. Ndxb5 Qc4 16. Rf4 Qc6 0-1

[Event "12ème Open de Saint-Affrique"]
[Site "Saint-Affrique"]
[Date "2004.07.26"]
[Round "4.18"]
[White "Milliet, Sophie"]
[Black "Chaplin, Erik"]
[Result "1-0"]
[WhiteElo "2280"]
[BlackElo "2134"]
[PlyCount "49"]
[EventDate "2004.07.??"]

1. e4 e5 2. Nf3 Nc6 3. Bc4 Nf6 4. d3 Bc5 5. c3 d6 6. Nbd2 Bb6 7. Bb3 a6 8. O-O
Ba7 9. a4 a5 10. Nc4 h6 11. Be3 O-O 12. Bxa7 Rxa7 13. Ne3 Be6 14. Re1 Re8 15.
Bc2 d5 16. exd5 Nxd5 17. Nc4 f6 18. Na3 Ra8 19. d4 Bg4 20. Qd3 Nf4 21. Qh7+ Kf7
22. Bb3+ Be6 23. Bxe6+ Rxe6 24. Qe4 Qd5 25. Qxd5 1-0

[Event "12ème Open de Saint-Affrique"]
[Site "Saint-Affrique"]
[Date "2004.07.26"]
[Round "4.22"]
[White "Pucher, Sebastien"]
[Black "Dimitrov, Christo"]
[Result "1-0"]
[WhiteElo "2135"]
[BlackElo "2230"]
[PlyCount "51"]
[EventDate "2004.07.??"]

1. e4 c5 2. Nf3 e6 3. Nc3 a6 4. d4 cxd4 5. Nxd4 b5 6. g3 Bb7 7. Bg2 Qc7 8. O-O
Nc6 9. Re1 d6 10. a4 b4 11. Nd5 exd5 12. Nxc6 Bxc6 13. exd5+ Be7 14. dxc6 Nf6
15. Bf4 Kf8 16. Qe2 h6 17. Rad1 Ne8 18. b3 g5 19. Bd2 a5 20. c3 bxc3 21. Bxc3
Rg8 22. Qh5 Rg6 23. Be4 Nf6 24. Qf3 Nxe4 25. Qxe4 Bf6 26. Bxf6 1-0

[Event "12ème Open de Saint-Affrique"]
[Site "Saint-Affrique"]
[Date "2004.07.26"]
[Round "4.94"]
[White "Chorazy, Andre"]
[Black "Ribeiro, Pascale"]
[Result "0-1"]
[WhiteElo "1780"]
[BlackElo "1310"]
[PlyCount "52"]
[EventDate "2004.07.??"]

1. b4 Nf6 2. Bb2 Nc6 3. b5 Na5 4. e3 d5 5. Nf3 e6 6. d3 c5 7. Be2 Bd7 8. a4 b6
9. Ne5 Be7 10. Nd2 O-O 11. Bf3 Bd6 12. c4 Rc8 13. Nxd7 Qxd7 14. Bxf6 gxf6 15.
cxd5 Qc7 16. Nc4 Kh8 17. Nxa5 bxa5 18. dxe6 fxe6 19. Bc6 Rg8 20. Qf3 Qg7 21.
Be4 f5 22. Bxf5 Qxa1+ 23. Kd2 Qb2+ 24. Kd1 exf5 25. Re1 c4 26. Qxf5 cxd3 0-1

[Event "12ème Open de Saint-Affrique"]
[Site "Saint-Affrique"]
[Date "2004.07.28"]
[Round "5.1"]
[White "Mrdja, Milan"]
[Black "Meijers, Viesturs"]
[Result "0-1"]
[WhiteElo "2432"]
[BlackElo "2477"]
[PlyCount "44"]
[EventDate "2004.07.??"]

1. e4 c5 2. Nf3 e6 3. d4 cxd4 4. Nxd4 a6 5. Nc3 d6 6. Be3 Nf6 7. f4 Nbd7 8. Qf3
Qc7 9. Bd3 b5 10. a3 Bb7 11. O-O g6 12. Qh3 Bg7 13. Bxb5 axb5 14. Ncxb5 Qb8 15.
Nxe6 fxe6 16. Qxe6+ Kd8 17. Nxd6 Ra6 18. Rad1 Re8 19. Nf7+ Kc8 20. Qc4+ Rc6 21.
Qb5 Rxe4 22. Rd3 Qc7 0-1

[Event "12ème Open de Saint-Affrique"]
[Site "Saint-Affrique"]
[Date "2004.07.27"]
[Round "5.4"]
[White "Voiska, Margarita"]
[Black "Flear, Glenn C"]
[Result "0-1"]
[WhiteElo "2387"]
[BlackElo "2455"]
[PlyCount "104"]
[EventDate "2004.07.??"]

1. c4 b6 2. Nc3 Bb7 3. e4 e6 4. Nf3 c5 5. Bd3 Nc6 6. O-O Bd6 7. Bc2 Qb8 8. Nb5
Be7 9. d3 Nf6 10. h3 O-O 11. Re1 a6 12. Nc3 Bd6 13. Bg5 Ne5 14. Nxe5 Bxe5 15.
Rf1 d6 16. Ne2 Nd7 17. Ba4 Bf6 18. Be3 Ne5 19. Rb1 b5 20. cxb5 axb5 21. Bxb5
Bxe4 22. dxe4 Qxb5 23. Nc3 Qa6 24. b3 Nc4 25. Bd2 Na3 26. Rc1 Rfb8 27. Bf4 Bxc3
28. Rxc3 Nb5 29. Rg3 Nd4 30. Re1 e5 31. Bh6 g6 32. a4 c4 33. bxc4 Qxc4 34. Qd2
Rxa4 35. Rc3 Qa6 36. Qg5 Ne6 37. Qf6 Qa5 38. Rec1 Ra1 39. Rxa1 Qxa1+ 40. Rc1
Rb1 41. Rxb1 Qxb1+ 42. Kh2 Qxe4 43. Qe7 Qc6 44. g3 d5 45. Qf6 Qc7 46. Qf3 Qd6
47. Qf6 d4 48. f4 exf4 49. Bxf4 Qd8 50. Qxd8+ Nxd8 51. Kg2 f5 52. Kf2 Kf7 0-1

[Event "12ème Open de Saint-Affrique"]
[Site "Saint-Affrique"]
[Date "2004.07.27"]
[Round "5.10"]
[White "Santo-Roman, Marc"]
[Black "Cartigny, Patrick"]
[Result "1-0"]
[WhiteElo "2403"]
[BlackElo "1996"]
[PlyCount "37"]
[EventDate "2004.07.??"]

1. e4 e6 2. d4 d5 3. Nc3 Bb4 4. e5 c5 5. a3 Ba5 6. Qg4 Ne7 7. dxc5 Bxc3+ 8.
bxc3 O-O 9. Bd3 Nbc6 10. Qh5 Ng6 11. Nf3 Qc7 12. O-O Nce7 13. a4 Bd7 14. Rb1 a5
15. Bb5 Rfd8 16. Be3 Nf5 17. Bd4 Nf4 18. Qg4 Ne2+ 19. Bxe2 1-0

[Event "12ème Open de Saint-Affrique"]
[Site "Saint-Affrique"]
[Date "2004.07.27"]
[Round "5.102"]
[White "Genin, Roland"]
[Black "Vignette, Benjamin"]
[Result "0-1"]
[WhiteElo "1710"]
[BlackElo "1300"]
[PlyCount "62"]
[EventDate "2004.07.??"]

1. f4 d5 2. Nf3 Nf6 3. b3 Bg4 4. Bb2 e6 5. e3 a6 6. Be2 Bh5 7. Ne5 Bg6 8. Nc3
Nc6 9. d3 d4 10. exd4 Nxd4 11. Ne4 Nxe2 12. Qxe2 Nxe4 13. dxe4 Bc5 14. f5 exf5
15. exf5 Bxf5 16. Nc6+ Be6 17. Nxd8 Rxd8 18. Bxg7 Rg8 19. Bf6 Rd7 20. Bh4 Bb4+
21. Kf1 Rd2 22. Qe3 Rgxg2 23. c3 Bd6 24. Bg3 Kd7 25. Rg1 Rge2 26. Qf3 Bh3+ 27.
Rg2 Bxg2+ 28. Kg1 Bxf3 29. Rf1 Bxg3 30. Rxf3 Bxh2+ 31. Kf1 Rg2 0-1

[Event "12ème Open de Saint-Affrique"]
[Site "Saint-Affrique"]
[Date "2004.07.27"]
[Round "5.87"]
[White "Tabaroni, Serge"]
[Black "Casasnovas, Vincent"]
[Result "0-1"]
[WhiteElo "1650"]
[BlackElo "1440"]
[Annotator "_"]
[PlyCount "24"]
[EventDate "2004.07.??"]

1. e4 d6 2. d4 Nf6 3. Nc3 c6 4. f4 Qa5 5. Bd2 e5 6. fxe5 dxe5 7. Nd5 Qd8 8.
Nxf6+ Qxf6 9. dxe5 Qh4+ 10. Ke2 Qxe4+ 11. Be3 Be6 12. Qd3 $4 Bc4 $19 0-1

[Event "12ème Open de Saint-Affrique"]
[Site "Saint-Affrique"]
[Date "2004.07.28"]
[Round "6.1"]
[White "Meijers, Viesturs"]
[Black "Degraeve, Jean-Marc"]
[Result "1/2-1/2"]
[WhiteElo "2477"]
[BlackElo "2530"]
[Annotator "_"]
[PlyCount "54"]
[EventDate "2004.07.??"]

1. e4 e6 2. d4 d5 3. exd5 exd5 4. Nf3 Nf6 5. c4 Bb4+ 6. Nc3 O-O 7. Be2 dxc4 8.
Bxc4 Re8+ 9. Be3 Be6 10. Bd3 Nc6 11. O-O Bg4 12. Be2 Qd6 13. Rc1 Rad8 14. Qb3
Ba5 15. Qxb7 Rb8 16. Qa6 Rb6 17. Qc4 Rxb2 18. Nb5 Qb4 19. Qd3 Bd7 20. d5 Ne5
21. Nxe5 Bxb5 22. Qxb5 Qxb5 23. Bxb5 Rxb5 24. Nc4 Nxd5 25. Bxa7 Nb6 26. Bxb6
Bxb6 27. Nxb6 cxb6 1/2-1/2